000 00536cam a2200217ua 4500
001 7139
008 141126n ii |||gr||||Z||||||asm
020 _a9788192276502
040 _cMAIN
041 _aasm
082 _a370
100 _aDutta, P. Ch.,
_eAuthor.
245 1 _aSikhya monobigyan
_cBy Prabhat Ch. Dutta
250 _a1st.
260 _aJorhat:
_bGrantha-sanskriti,
_c2011.
300 _a200p.
653 _aEducational psychology
700 _aGoswami, A.,
_eAuthor.
700 _aGoswami, P.,
_eAuthor.
942 _cBK
999 _c6265
_d6265